Ecrivains russes selon les titres de leurs livres - Statistiques

Statistiques générales
  • Ce quiz a été pris 36 fois
  • Le résultat moyen est 5 sur 29
Statistiques - réponses
Hint Réponse % Correct
"Le docteur Jivago" Boris Pasternak
45%
"L'Archipel du Goulag","Une journée d'Ivan Denissovitch" Alexandre Soljenitsyne
41%
"Les Âmes mortes","Nouvelles de Pétersbourg (Le Nez, Le Journal d'un fou...)" "Tarass Boulba", "Le Revizor" Nicolas Gogol
41%
"La Cerisaie","La Mouette", "Oncle Vania", "Les Trois Sœurs" Anton Tchekhov
38%
"Pères et Fils", "Mémoires d'un chasseur" Ivan Tourgueniev
38%
"La garde blanche", "Le Maître et la Marguerite", "Le Roman de monsieur de Molière" Mikhaïl Boulgakov
38%
"La Garde blanche","Le Roman de monsieur de Molière", "Le Maître et Marguerite" Mikhaïl Boulgakov
38%
"Oblomov" Ivan Gontcharov
31%
"Eugène Onéguine","Boris Godounov" Pouchkine
31%
"Un héros de notre temps" Mikhaïl Lermontov
24%
"Un héros de notre temps","Le Démon" Mikhaïl Lermontov
24%
"L'Ère du soupçon" Nathalie Sarraute
21%
"Le Testament français","La Musique d'une vie", "L'Archipel d'une autre vie" Andreï Makine
14%
"Suite française" Irène Némirovsky
14%
"Requiem" Anna Akhmatova
10%
"La Mère","Enfance" Maxime Gorki
10%
"Le premier accroc coûte deux cents francs","Le Monument" Elsa Triolet
7%
"La Vie d'Arséniev","Les Allées sombres", Ivan Bounine
7%
"Le Duel","La Fosse aux filles", "Olessia" Alexandre Kouprine
3%
"L'Araigne","Catherine la Grande", "L'Homme rapaillé", "La neige en deuil" Henri Troyat
3%
"Les Douze","Cantiques de la Belle Dame", "Le Monde terrible" Alexandre Blok
0%
"Le Poète russe préfère les grands nègres","Journal d'un raté" Edouard Limonov
0%
"L'idiot", "Les Démons", "Les Nuits Blanches", "Les Carnets du sous-sol" Fiodor Dostoïvski
0%
"L'idiot","Les Démons" Joseph Brodsky
0%
"Nous étions les Mulvaney","Un livre de martyrs américains", "Reflets en eau trouble", "Blonde" Joyce Carol Oates
0%
"Lady Macbeth du district de Mtsensk", "Gens d'Église" Nikolaï Leskov
0%
"Les Femmes de Russie" Nikolaï Nekrassov
0%
"Oeuvres","Nouvelles du je et du monde", "L'univers enfoncé et autres poèmes" Velimir Khlebnikov
0%
"J'ai choisi la liberté" Viktor Kravenchko
0%
Aucun quiz correspondant
Distribution des résultats
% des personnes avec chaque résultat
Percentile par nombre de réponses
Votre historique - résultats
Vous n’avez pas pris ce quiz